Southville International School and Colleges
Your cart is empty.
  • Cart
  • Lists
    Public lists list_1 View all
    Your lists Log in to create your own lists
  • Log in to your account
  • Your cookies
  • Search history
Southville International School and Colleges
  • Advanced search
  • Recent comments
  • Most popular
  • Libraries

Log in to your account

Log in with GOOGLE


If you do not have an external account, but do have a local account, you can still log in:

  1. Home
  2. MARC view: Goldilocks and the three bears /
Normal view MARC view ISBD view

Goldilocks and the three bears / (Record no. 292078)

[ view plain ]
MARC details
000 -LEADER
fixed length control field 00468nam a2200181Ia 4500
008 - FIXED-LENGTH DATA ELEMENTS--GENERAL INFORMATION
fixed length control field 160319s9999 xx 000 0 und d
020 ## - INTERNATIONAL STANDARD BOOK NUMBER
International Standard Book Number 0-517288087
050 ## - LIBRARY OF CONGRESS CALL NUMBER
Classification number Fic
050 ## - LIBRARY OF CONGRESS CALL NUMBER
Item number .R661g 1980
100 ## - MAIN ENTRY--PERSONAL NAME
Personal name Robinson, Ian
245 ## - TITLE STATEMENT
Title Goldilocks and the three bears /
245 ## - TITLE STATEMENT
Statement of responsibility, etc retold by Ian Robinson.
260 ## - PUBLICATION, DISTRIBUTION, ETC. (IMPRINT)
Date of publication, distribution, etc 1980
300 ## - PHYSICAL DESCRIPTION
Extent 19 pages :
440 ## - SERIES STATEMENT/ADDED ENTRY--TITLE
Title Classic Fairytales.
650 ## - SUBJECT ADDED ENTRY--TOPICAL TERM
Topical term or geographic name as entry element Children's stories in English, 1945- -
650 ## - SUBJECT ADDED ENTRY--TOPICAL TERM
General subdivision Texts.
Holdings
Withdrawn status Lost status Damaged status Home library Current library Shelving location Date acquired Total Checkouts Full call number Barcode Date last seen Price effective from Koha item type
      Stonyhurst Southville International School (Batangas) Stonyhurst Southville International School (Batangas) Grade School Section 03/19/2016   Fic .R661g 1980 LS-0500 03/19/2016 03/19/2016 Books

Goldilocks and the three bears /

APA

Robinson I., . (1980). Goldilocks and the three bears. : .

Chicago

Robinson Ian, . 1980. Goldilocks and the three bears. : .

Harvard

Robinson I., . (1980). Goldilocks and the three bears. : .

MLA

Robinson Ian, . Goldilocks and the three bears. : . 1980.

  • Place hold
  • Print
  • Cite
  • Add to your cart (remove)
  • Save record
    BIBTEX Dublin Core MARCXML MARC (non-Unicode/MARC-8) MARC (Unicode/UTF-8) MARC (Unicode/UTF-8, Standard) MODS (XML) RIS
  • More searches
    Search for this title in:
    Other Libraries (WorldCat) Other Databases (Google Scholar) Online Stores (Bookfinder.com) Open Library (openlibrary.org)

Exporting to Dublin Core...

SOUTHVILLE LIBRARY

Southville International School and Colleges Library

1281 Tropical Ave. Cor. Luxembourg St., BF Homes International, Las Pinas City

Tel. No. 8256374 / 252358 Loc. 117/146

Powered by Koha